| 000 | 00546nam a22001817a 4500 | ||
|---|---|---|---|
| 005 | 20130826144417.0 | ||
| 010 | _aENG-108388 | ||
| 020 |
_c299.00 _a9788184004267 |
||
| 035 | _aEN-91921 | ||
| 037 | _bDBAD/PUB | ||
| 082 | _aS | ||
| 100 | _aRaman, Raghu | ||
| 245 | 0 | 0 |
_aEveryman's war : _cby Raghu Raman _bstrategy, security and terrorism in India / |
| 260 |
_aNoida _bRandom House Publishers _c2013 |
||
| 270 |
_aWindsor IT Park,7th Floor, Tower-B, A-1, Sector-125 _bNoida _e201301 |
||
| 300 |
_axxiii,214p. / _c18cm(pbk) |
||
| 942 |
_2ddc _cEN _mRAM |
||
| 999 |
_c78814 _d78814 |
||